Statystyki dla Stany USA według emoji

Kliknij tutaj aby rozwiązać quiz!

Ogólne statystyki

  • Ten quiz został rozwiązany 4 355 razy
  • Średni wynik to 6 z 18

Statystyki odpowiedzi

EmojiStan% Poprawnych
Nowy Meksyk
88%
Hawaje
69%
Kalifornia
68%
Alaska
66%
Teksas
66%
Nevada
57%
Nowy Jork
54%
Floryda
40%
Luizjana
31%
Waszyngton
18%
Minnesota
17%
Michigan
12%
Utah
12%
Indiana
11%
Massachusetts
11%
Pensylwania
7%
Wisconsin
6%
Maryland
4%

Rozkład punktacji

Percentyl według liczby udzielonych odpowiedzi

Procent ludzi z każdym wynikiem

Twoja historia wyników

Nie rozwiązałeś tego quizu